| 000 | 00386nam a2200169Ia 4500 | ||
|---|---|---|---|
| 008 | 221030s9999 xx 000 0 und d | ||
| 020 | _a8189547070 | ||
| 041 | _aEnglish | ||
| 082 |
_a105.23 _bSha |
||
| 100 | _aS. Sharma | ||
| 245 | 0 | _aEntrepreneurship Development | |
| 260 |
_bWisdom Pub. _aDelhi _c2005 |
||
| 300 | _a342 | ||
| 650 | _aManagement | ||
| 700 | _aB. Singh | ||
| 942 | _cBK | ||
| 999 |
_c616 _d616 |
||